| 000 | 00000cas 2200000zi 4500 |
| 001 | 9.931493 |
| 003 | CaOODSP |
| 005 | 20251211101310 |
| 006 | m o d f |
| 007 | cr ||||||||||| |
| 008 | 231214c20139999oncar p o f0###b0fre|d |
| 040 | |aCaOODSP|bfre|erda|cCaOODSP |
| 043 | |an-cn--- |
| 086 | 1 |aNG1-9F-PDF |
| 110 | 2 |aMusée des beaux-arts du Canada.|e auteur, |eorganisme de publication. |
| 245 | 10|aInfo source : |bsources de renseignements du gouvernement fédéral et sur les fonctionnaires fédéraux ... / |cMusée des beaux-arts du Canada. |
| 246 | 1 |aMusée des beaux-arts du Canada* - info source : |bsources de renseignements du gouvernement fédéral et sur les fonctionnaires fédéraux|f2017 |
| 264 | 1|a[Ottawa] : |bMusée des beaux-arts du Canada, |c[2013]- |
| 310 | |aAnnuel |
| 336 | |atexte|btxt|2rdacontent/fre |
| 337 | |ainformatique|bc|2rdamedia/fre |
| 338 | |aressource en ligne|bcr|2rdacarrier/fre |
| 362 | 1 |aParaît depuis : 2013. |
| 500 | |aPublié aussi en anglais sous le titre : Info source: sources of federal government and employee information ... . |
| 588 | 0 |aDescription d'après : 2013. |
| 588 | 1 |aDernière livraison consultée : 2020. |
| 610 | 26|aMusée des beaux-arts du Canada|xGestion de l'information|vPériodiques. |
| 610 | 20|aMusée des beaux-arts du Canada. |bBibliothèque et archives|vPériodiques. |
| 610 | 26|aMusée canadien de la photographie contemporaine,|vPériodiques. |
| 655 | 0|aInstruments de recherche (Archives)|2rvmgf |
| 655 | 7|aPériodiques|2rvmgf |
| 775 | 08|tInfo source : |w(CaOODSP)9.931492 |